000 01186cam a22002771i 4500
003 SA-RiAUC
005 20250510165744.0
008 250510s2014 le g 00010 ara c
020 _a9786039052531
040 _aSA-MaUQU
_bara
_cSA-RiAUC
_erda
082 0 4 _a250.72
_qSA-RiAUC
090 _a250.72
_bع و ن
100 1 _aالعوني، حاتم بن عارف بن ناصر،
_d1385 هجري-
_eمؤلف.
245 1 0 _aفهم كلام أهل العلم :
_bنحو ضوابط منهجية /
_cتأليف الشريف حاتم بن عارف العوفي.
250 _aالطبعة الأولى.
264 1 _aبيروت :
_bمركز نماء للبحوث والدراسات،
_c2014
300 _a112 صفحة ؛
_c22 سم.
336 _aنص
_btxt
_2rdacontent
_3كتاب
337 _aبدون وسيط
_bn
_2rdamedia
338 _aمجلد
_bnc
_2rdacarrier
490 1 _aإصدارات مركز نماء للبحوث والدراسات.
_aتكوين ؛
_v5
650 7 _aالفقه الإسلامي
_xمناهج بحث
_2aucsh
830 0 _aتكوين (مركز نماء للبحوث والدراسات)
_v5
942 _2ddc
_cBOOK
_n0
949 _aSA-JeALM
_d250510
_umohamedma123
_n1
999 _c7774
_d7774